000 00958nam a22002537a 4500
003 Uzh_bibl
008 260420b |||||||| |||| 00| 0 ukr d
020 _a978-966-8083-65-5
_c15.00
040 _bукр.
041 _2ukr
_aukr
080 _a087.5
090 _a087.5
_bБ20
100 _aБалакшин, Роберт
245 _aДобрий дідусь: сказання про Діда Мороза
_cХудож. К.Легкодух
_hТекст
260 _aКиїв
_b"Лелека"
_c2009
300 _a48 с.
_bіл.
_fВ опр.
520 _aВірші про зиму
521 _aДля дошкільного та молодшого шкільного віку
546 _aукр.
650 _aЛітературно-художнє видання
653 _aЗима,зима
_aЗагадка-акровірш
_aАнгельські очі
655 _aХудожня література
_vВірші
942 _2udc
_cBK
999 _c17399
_d17399